Engineering mathematics / (Record no. 185287)
[ view plain ]
| 000 -LEADER | |
|---|---|
| fixed length control field | 00833nam a2200265Ia 4500 |
| 003 - CONTROL NUMBER IDENTIFIER | |
| control field | OSt |
| 005 - DATE AND TIME OF LATEST TRANSACTION | |
| control field | 20260306150533.0 |
| 008 - FIXED-LENGTH DATA ELEMENTS--GENERAL INFORMATION | |
| fixed length control field | 210716s2002 xx 000 0 und d |
| 020 ## - INTERNATIONAL STANDARD BOOK NUMBER | |
| International Standard Book Number | 8187328630 |
| 040 ## - CATALOGING SOURCE | |
| Transcribing agency | AIMIT LIBRARY |
| 041 ## - LANGUAGE CODE | |
| Language code of text/sound track or separate title | eng |
| 082 ## - DEWEY DECIMAL CLASSIFICATION NUMBER | |
| Classification number | 510.62 |
| Edition number | 2 |
| Item number | ARUS |
| 100 ## - MAIN ENTRY--PERSONAL NAME | |
| Personal name | Arumugam, S. |
| 9 (RLIN) | 258066 |
| 245 ## - TITLE STATEMENT | |
| Title | Engineering mathematics / |
| Statement of responsibility, etc. | By S Arumugam, A Thangapandi Isaac and A Somassundaram. |
| 250 ## - EDITION STATEMENT | |
| Edition statement | 2nd ed. |
| 260 ## - PUBLICATION, DISTRIBUTION, ETC. | |
| Place of publication, distribution, etc. | Chennai : |
| Name of publisher, distributor, etc. | Scitech Publications Pvt Ltd , |
| Date of publication, distribution, etc. | 2002. |
| 300 ## - PHYSICAL DESCRIPTION | |
| Extent | 412p. ; |
| Other physical details | PB |
| Dimensions | 24.4 cm |
| 440 ## - SERIES STATEMENT/ADDED ENTRY--TITLE | |
| Volume/sequential designation | Vol-3 |
| 650 ## - SUBJECT ADDED ENTRY--TOPICAL TERM | |
| Topical term or geographic name entry element | Fourier transform |
| 9 (RLIN) | 258067 |
| 650 ## - SUBJECT ADDED ENTRY--TOPICAL TERM | |
| Topical term or geographic name entry element | Applications of partial differential equations |
| 9 (RLIN) | 258068 |
| 650 ## - SUBJECT ADDED ENTRY--TOPICAL TERM | |
| Topical term or geographic name entry element | Special functions |
| 9 (RLIN) | 258069 |
| 700 ## - ADDED ENTRY--PERSONAL NAME | |
| Personal name | Isaac, A Thangapandi. |
| 9 (RLIN) | 258070 |
| 700 ## - ADDED ENTRY--PERSONAL NAME | |
| Personal name | Somasundaram, A. |
| 9 (RLIN) | 258071 |
| 942 ## - ADDED ENTRY ELEMENTS (KOHA) | |
| Source of classification or shelving scheme | Dewey Decimal Classification |
| Koha item type | Book |
| Edition | 2nd |
| Call number prefix | 510.62 ARUS |
| Withdrawn status | Lost status | Damaged status | Not for loan | Collection code | Home library | Current library | Total Checkouts | Full call number | Barcode | Date last seen | Price effective from | Koha item type |
|---|---|---|---|---|---|---|---|---|---|---|---|---|
| MCA | St Aloysius Institute of Management & Information Technology | St Aloysius Institute of Management & Information Technology | 510.62 ARUS | MCA04795 | 05/23/2026 | 07/16/2021 | Book |